000 00341 a2200169 4500
001 182471
020 _a85-030054-9
040 _cMagnum
100 _aGullar, Ferreira
240 1 0 _aPoema sujo
_lpor
245 1 0 _aPoema sujo
300 _a74
362 0 _a2001
440 1 _aJosé Olympio
697 _aLITERATURA GERAL
942 _cBK
999 _c182471
_d182471